Sanat - "Lempo" - Elastinen feat. Lauri Tähkä - Statistics

Yleistilastot
  • Tätä visaa on pelattu 79 kertaa
  • Keskiarvotulos 97 / 212
Vastaustilastot
Vastaus % Oikein
ku
92%
on
92%
ja
88%
lempo
88%
se
85%
ei
81%
olla
77%
kuin
73%
lainehtii
73%
merivesi
73%
pitää
73%
saa
69%
sen
69%
kun
62%
rannat
62%
koskaan
58%
nämä
58%
onnelliset
58%
päivät
58%
peili
58%
heili
54%
Keskeltä
54%
keskeltä
54%
milloinkaan
54%
mitä
54%
Mitä
54%
pää
54%
päättyä
54%
jos
50%
vai
50%
sievä
46%
jätä
42%
joka
42%
meitä
42%
rakkaus
42%
huoli
38%
voi
38%
etsii
35%
onko
35%
siit
35%
tai
35%
vaanii
35%
jaa
31%
kai
31%
kesii
31%
kullasta
31%
kulmalla
31%
Lukemattomii
31%
mee
31%
mies
31%
pikkumusta
31%
saat
31%
sorja
31%
tahtoo
31%
tempo
31%
tiedä
31%
vanhasta
31%
ensin
27%
eron
27%
haluu
27%
huolimatta
27%
kaikki
27%
kattoo
27%
kortit
27%
kullan
27%
kumpaa
27%
kuoli
27%
kyseessä
27%
lento
27%
poikaa
27%
ratkasta
27%
seuraa
27%
tääl
27%
edel
23%
ite
23%
jäänyt
23%
katkasta
23%
minä
23%
moni
23%
pieleen
23%
riskeeraa
23%
sille
23%
sit
23%
sukelsin
23%
tarkottaa
23%
tielle
23%
tuntemattomiin
23%
varmaa
23%
vesiin
23%
ainoo
19%
ehkä
19%
hyvä
19%
kohdalle
19%
oikeesta
19%
onnesta
19%
raikulipoikaa
19%
rauhottaa
19%
saatiin
19%
sattuu
19%
tiedäkkään
19%
uskaltaa
19%
äere
15%
anna
15%
huippuunsa
15%
just
15%
kerran
15%
Muutos
15%
pääl
15%
parhaat
15%
varman
15%
kulkurin
12%
noilla
12%
päälle
12%
sillonko
12%
teen
12%
tuskin
12%
uuren
12%
viedäkkään
12%
äeren
8%
eroon
8%
kuumottaa
8%
onneliset
4%
trilloilla
0%
Ehtoja vastaavia visoja ei löytynyt
Tulosjakauma
Jokaisen tuloksen saaneiden osuus
Persentiili vastausten määrän mukaan
Tuloshistoriasi
Et ole pelannut tätä visaa